000 00642cam a2200205 4500
001 2206
005 20181127164739.0
008 931027s1994 ilua b 001 0 eng
010 _a 93038979
020 _a1556238045
100 1 _aSiegel, Jeremy J.
245 1 0 _aStocks for the long run :
_ba guide to selecting markets for long-term growth /
_cJeremy J. Siegel.
260 _aBurr Ridge, Ill. :
_bIrwin,
_cc1994.
300 _axvi, 318 p. :
_bill. ;
_c24 cm.
504 _aIncludes bibliographical references and index.
650 0 _aRate of return.
650 0 _aStocks
_xHistory.
650 0 _aStocks
_xRate of return.
650 0 _aStocks.
999 _c1747
_d1747